Esau. Anatomía vegetal : meristemas, células y tejidos de las plantas : su estructura, función y desarrollo /
Guardado en:
| Autor Principal: | |
|---|---|
| Otros Autores: | , |
| Formato: | Libro |
| Idioma: | Spanish English |
| Publicado: |
Barcelona :
Omega,
c2008.
|
| Edición: | 3a. ed. |
| Materias: | |
| Etiquetas: |
Agregar Etiqueta
Sin Etiquetas, Sea el primero en etiquetar este registro!
|
| LEADER | 01276nam a22002895a 4500 | ||
|---|---|---|---|
| 001 | EUN.eunm002347 | ||
| 005 | 20190614090357.0 | ||
| 008 | 090310s2008####sp#a#####b####001#0#spa#d | ||
| 020 | |a 9788428214433 | ||
| 041 | 1 | |a spa |h eng | |
| 082 | 0 | 4 | |a 581 |2 15 |
| 100 | 1 | |a Evert, Ray Franklin. | |
| 245 | 1 | 0 | |a Esau. Anatomía vegetal : |b meristemas, células y tejidos de las plantas : su estructura, función y desarrollo / |c Ray F. Evert ; con la colaboración de Susan E. Eichhorn. |
| 250 | |a 3a. ed. | ||
| 260 | |a Barcelona : |b Omega, |c c2008. | ||
| 300 | |a xxii, 614 p. : |b il. ; |c 28 cm. | ||
| 500 | |a Traducción de: Esau's plant anatomy : meristems, cells, and tissues of the plant body : their structure, function, and development, 3rd ed.; publicado por J. Wiley, c2006. | ||
| 504 | |a Incluye referencias bibliográficas e índices. | ||
| 650 | 7 | |a Botánica. |2 unbist | |
| 653 | |a Anatomía vegetal | ||
| 653 | |a Morfología vegetal | ||
| 700 | 1 | |a Eichhorn, Susan E. |4 clb | |
| 700 | 1 | |a Esau, Katherine, |d 1898-1997.x. | |
| 740 | 0 | |a Anatomía vegetal | |
| 859 | |a AR-BaUNS |b BIB. CENTRAL - Sector A |h 581 |i Es12-1a3 |p 120363/009 | ||
| 859 | |a AR-BaUNS |b BIB. CENTRAL - Sector A |h 581 |i Es12-1a3 |p 127122/019 |t Ej.2 | ||
| 859 | |a AR-BaUNS |b BIB. CENTRAL - Sector A |h 581 |i Es12-1a3 |p 127123/019 |t Ej.3 | ||
